MDQL
is popping MORE tags! Check the
thread
!
Quizzes
Events
Quiz Creation
Community
Videos
Private Events
Remove Ads
Sign In
Join for FREE
Feedback
Dark Mode
Quiz Categories
Sports
Geography
Music
Movies
Television
Just For Fun
Miscellaneous
History
Literature
Language
Science
Gaming
Entertainment
Religion
Holiday
For Kids
Quiz Lab
Recent
Popular Today
Quiz Kudos Today
Editor Picks
Curator Picks
Quizzes by...
Day
Popularity
Type
Ratings
Length
Year
Community
Subscriptions
Recent Discussions
Orange Saloon
Badges
Playlists
Quests
Create
Leaderboards
Showdown
Live 5
Trivia Bingo
Activity
Puzzle Library
Sporcle Events
Private Events
Virtual Trivia
Globe League
Become a Host
Pub Owners
SporcleCon
Opinionation
Our Games
Videos
Blog
Mobile Apps
Partnerships
Remove Ads and Go Orange
Feedback
Just For Fun
Clickable
Get the Picture
Humor
Quick Pick
Word Ladder
Missing Word
Mixed Word
Blitz
Minefield
This or That
Alphabet
Color
Typing
Sporcle
Puzzle
Word Play
Follow That Line
Logic
Just For Fun
Clickable
Get the Picture
Humor
Quick Pick
Word Ladder
Missing Word
Mixed Word
Blitz
Minefield
This or That
Alphabet
Color
Typing
Sporcle
Puzzle
Word Play
Follow That Line
Logic
Random Quiz
Search Sporcle
×
Editor Pick
Editor Pick
Just For Fun
Celebrity
Type answers based on single images at one time
Type answers based on single images at one time
Slideshow
Best Score? Go Orange.
World Leaders by Doll Stats
Can you name the World Leaders by Doll?
By
polarboy
10m
30 Questions
2,213 Plays
2,213 Plays
2,213 Plays
Comments
Comments
Give Quiz Kudos
Give Quiz Kudos
-
- Ratings
hide this ad
More Info
Replay
Link that replays current quiz
Next Quiz
Link to next quiz in quiz playlist
You Got
0%
They Got
Avg Score
68%
Avg Friend Score
Upgrade to see
Score Distribution
Jump to the score distribution portion of the page
Score
0/30
Timer
10:00
0
Plays Today
% Correct
Barack Obama
99.6%
Diana, Princess of Wales, Duchess of Rothesay
92.1%
Adolf Hitler
90.3%
Osama Bin Laden
89.7%
Abraham Lincoln
88.9%
Martin Luther King, Jr.
85%
His Royal Highness Prince William Arthur Philip Louis, Duke of Cambridge, Earl of Strathearn, Baron Carrickfergus, Royal Knight Companion of the Most Noble Order of the Garter, Knight of the Most Ancient and Most Noble Order of the Thistle, Personal Aide-de-Camp to Her Majesty The Queen
81.5%
Sarah Palin
80.3%
Gaius Julius Caesar
78.4%
The Right Honourable Sir Winston Churchill
77.6%
Queen Elizabeth By the Grace of God, Queen of England, France and Ireland, Defender of the Faith
77.5%
The Right Honourable The Baroness Thatcher
77.1%
Richard Nixon
75.2%
John F. Kennedy
74.9%
Joseph Stalin
73.1%
% Correct
Queen Elizabeth II of the United Kingdom and the other Commonwealth realms
72.9%
The 14th Dalai Lama
72.3%
Saint Joan of Arc
71.6%
Queen Victoria of the United Kingdom of Great Britain and Ireland,Empress of India
70%
Pope Francis, Bishop of Rome and absolute Sovereign of the Vatican City State.
69.9%
Her Royal Highness The Duchess of Cambridge, Countess of Strathearn and Lady Carrickfergus.
68.1%
King Henry VIII King of England and France, Defender of the Faith, Lord of Ireland, and of the Church of England and of Ireland in Earth Supreme Head
67%
Angela Merkel
63.8%
Mikhail Gorbachev
61.4%
Jimmy Carter
58.5%
Theodore Roosevelt
56.5%
King Louis XIV of France and Navarre, Louis XIV
24.4%
King Charles II By the Grace of God, King of England, Scotland, France and Ireland, Defender of the Faith,
21.5%
The Honourable Julia Gillard
18.2%
Queen Anne By the Grace of God, Queen of England, Scotland, France and Ireland, Defender of the Faith
15.2%
Quiz Playlist
Details
Report
Send in Message
Add To Playlist
More Info:
Can you name these famous and influential world leaders by their doll representations.
Slideshow:
Type answers based on single images at one time
Last Updated: Jan 1, 2019
Editor Pick in
Just For Fun
Quiz Scoreboard
CHALLENGE
Sign Up to Join the Scoreboard
Show All
Scores
Hide
Comments
May contain spoilers
Recently Published
Colored Red Africa Blitz
by spor1
Geography
30s
Find the 'City' Movie
by crazypaving
Movies
60s
5x2 Blitz: Bands
by SL_Kpop136
Music
30s
More to Explore
Quiz From the Vault
Featured Blog Post
14 Easter Pick-up Lines to Find Eggs With
hide this ad
You Might Also Like...
Tags
Celebrity Quiz
Politics Quiz
Toys Quiz
doll
Politician
Pop Culture
Royal
Today's Top Quizzes in Just For Fun
Browse Just For Fun
hide this ad
Today's Top Quizzes in Celebrity
Browse Celebrity
Top Contributed Quizzes in Just For Fun
1
Avatar the Last Airbender: Logic Puzzle
2
Name Just One - 10 to 1: Just For Fun
3
Missing Word: 2-Letter A-Z II
4
Missing Letter Whitney Houston Songs
5
Survivor Winners Logic Puzzle
6
Shadowhunters Protagonists Logic Quiz
7
Quick 5-Color Logic (18)
8
Medium Renzoku Puzzle 11
9
It's Magic / Witchcraft 🎩🪄🧙♀️
10
Killer Double Trees 224 - Colour Match-Up
Explore More
Trending Topics
Kpop
Harry Potter
Crossword
NBA
Anime
Disney
Marvel
The Office
WWE
Song
NFL
Puzzle
Soccer
Country
Pokémon
hide this ad
More By:
polarboy
Quiz
Plays
Rating
Category
Featured
Created
'Sw' Countries
67,275
4.08
Geography
Oct 23, 2015
Movies By Doll
44,363
4.63
Movies
Apr 15, 2014
Musicians by Doll
43,313
4.56
Just For Fun
Apr 13, 2014
TV Show by Doll
25,695
4.54
Television
May 25, 2014
World Leaders by Doll
2,213
3.43
Just For Fun
Jun 14, 2014
Go to Creator's Profile
Score Distribution
Quiz Creator Spotlight
polarboy
Follow
Send a Message
Quizzes Created
-
Created Quiz Play Count
-
More By This Creator
Popular Quizzes Today
1
Colored Red Africa Blitz
2
Find the 'City' Movie
3
5x2 Blitz: Bands
4
Find the US States - No Outlines Minefield
5
The Countries of the World
6
Find the US States
7
US States
8
Find the Countries of Europe - No Outlines Minefield
More Just For Fun Quizzes
Word Ladder: Author to Author
Published
Trending Quizzes
Colored Red Europe Blitz I
Colored Red Europe Blitz II
Colored Red Africa Blitz II
Colored Red Europe Blitz III
Colored Red Africa Blitz III
Recently Updated
How Do You Spell That?
pecheneg
Godzilla Movies
pecheneg
Grab Bag: 4-10 Letters
pecheneg
2024 March Madness Bracket
pecheneg
Famous TV Couples
Peacemaker
Champions League XIs: Real Madrid
pecheneg
Largest US Cities 1790-2010
pecheneg
Rides in Walt Disney World
pecheneg
Most Oscar Losses (Acting)
pecheneg
Beyoncé Albums
pecheneg
Trending Topics
NBA
Marvel
Harry Potter
Disney
Crossword
Anime
Kpop
Song
Puzzle
Country
Pokémon
The Office
Soccer
WWE
NFL
Your Account Isn't Verified!
In order to create a playlist on Sporcle, you need to verify the email address you used during registration. Go to your
Sporcle Settings
to finish the process.
Report this User
Report this user for behavior that violates our
Community Guidelines
.
Details:
Send Report
Go to the Sporcle.com Mobile Site →
Comments